|
|
|
|
| LEADER |
00000nam a2200000 a 4500 |
| 001 |
UCR1768 |
| 003 |
CL-VaPUC |
| 008 |
971219e19700000SP |||||||||||||||||spa|d |
| 082 |
0 |
4 |
|a 251.1
|b WAL
|2 21
|
| 100 |
0 |
|
|a Walter, Eugen
|e author
|9 399232
|
| 245 |
1 |
3 |
|a La meditación: teoría y práctica de la oración mental
|
| 300 |
|
|
|a 160 p
|
| 942 |
|
|
|c BK
|
| 945 |
|
|
|d 19971219 00:00:00
|a jquezada
|
| 260 |
|
|
|a Barcelona
|b Herder
|c 1970
|
| 650 |
|
0 |
|a Predicación
|9 398079
|
| 650 |
|
7 |
|a HOMILIA
|2 CL-VaPUC
|9 399233
|
| 650 |
|
7 |
|a MEDITACION
|2 CL-VaPUC
|9 313094
|
| 650 |
|
0 |
|a Espiritualidad
|9 267331
|
| 650 |
|
0 |
|a Jóvenes
|9 326981
|
| 650 |
|
0 |
|a Familias
|9 255641
|
| 583 |
|
|
|a last modification
|c 19971219 00:00:00
|k Rodrigo Vera
|
| 999 |
|
|
|c 265133
|d 265131
|
| 952 |
|
|
|0 0
|1 0
|4 0
|6 251_100000000000000_WAL_1970
|7 0
|8 A
|9 295949
|a BIBTEO
|b BIBTEO
|d 2019-11-20
|i 3368386
|o 251.1 WAL 1970
|p 3368386
|r 2025-01-17
|w 2019-11-20
|y BK
|k ICR
|